000 00227nam a2200097Ia 4500
008 240331s9999 xx 000 0 und d
082 _bSAM
100 _aSameem, M
245 0 _aOru sirupanmai asamugathin pirachanaikal
942 _cL
999 _c2114
_d2114